<?xml version="1.0" encoding="UTF-8"?><?xml-stylesheet type="text/xsl" href="static/style.xsl"?><OAI-PMH xmlns="http://www.openarchives.org/OAI/2.0/" xmlns:xsi="http://www.w3.org/2001/XMLSchema-instance" xsi:schemaLocation="http://www.openarchives.org/OAI/2.0/ http://www.openarchives.org/OAI/2.0/OAI-PMH.xsd"><responseDate>2026-04-29T02:37:50Z</responseDate><request verb="GetRecord" identifier="oai:repisalud.isciii.es:20.500.12105/18030" metadataPrefix="marc">https://repisalud.isciii.es/rest/oai/request</request><GetRecord><record><header><identifier>oai:repisalud.isciii.es:20.500.12105/18030</identifier><datestamp>2024-02-12T19:45:54Z</datestamp><setSpec>com_20.500.12105_15322</setSpec><setSpec>com_20.500.12105_2051</setSpec><setSpec>col_20.500.12105_16927</setSpec></header><metadata><record xmlns="http://www.loc.gov/MARC21/slim" xmlns:dcterms="http://purl.org/dc/terms/" xmlns:doc="http://www.lyncode.com/xoai" xmlns:xsi="http://www.w3.org/2001/XMLSchema-instance" xsi:schemaLocation="http://www.loc.gov/MARC21/slim http://www.loc.gov/standards/marcxml/schema/MARC21slim.xsd">
   <leader>00925njm 22002777a 4500</leader>
   <datafield ind2=" " ind1=" " tag="042">
      <subfield code="a">dc</subfield>
   </datafield>
   <datafield ind2=" " ind1=" " tag="720">
      <subfield code="a">Ramírez-Maestre, Carmen</subfield>
      <subfield code="e">author</subfield>
   </datafield>
   <datafield ind2=" " ind1=" " tag="720">
      <subfield code="a">Esteve, Rosa</subfield>
      <subfield code="e">author</subfield>
   </datafield>
   <datafield ind2=" " ind1=" " tag="720">
      <subfield code="a">Serrano-Ibáñez, Elena R</subfield>
      <subfield code="e">author</subfield>
   </datafield>
   <datafield ind2=" " ind1=" " tag="720">
      <subfield code="a">López-Martínez, Alicia E</subfield>
      <subfield code="e">author</subfield>
   </datafield>
   <datafield ind2=" " ind1=" " tag="720">
      <subfield code="a">Ruiz-Párraga, Gema T</subfield>
      <subfield code="e">author</subfield>
   </datafield>
   <datafield ind2=" " ind1=" " tag="720">
      <subfield code="a">Rivas-Moya, Teresa</subfield>
      <subfield code="e">author</subfield>
   </datafield>
   <datafield ind2=" " ind1=" " tag="260">
      <subfield code="c">2020-04-17</subfield>
   </datafield>
   <datafield ind2=" " ind1=" " tag="520">
      <subfield code="a">The aim of this study was to validate the Spanish version of the Defensive Pessimism Questionnaire. A sample of undergraduate students (N = 539) was measured on defensive pessimism using the Defensive Pessimism Questionnaire (DPQ), optimism and pessimism using the Life Orientation Test (LOT), positive and negative affect using the Positive and Negative Affect Schedule, and anxiety using the trait subscale of the State and Trait Anxiety Inventory. A Spanish version of the DPQ (DPQ-SV) is presented. Exploratory and Robust Confirmatory Factor Analysis had a bi-dimensional structure (Reflectivity and Negative Expectation). Omega coefficient showed a high internal consistency and the temporal stability was high in each dimension. Both DPQ-SV subscales (Negative Expectation and Reflectivity) showed adequate convergence with LOT-optimism and LOT-pessimism. Reflectivity showed adequate criterion validity with trait-anxiety and negative affect, but inadequate criterion validity with positive affect. Negative Expectation showed excellent criterion validity with trait-anxiety and negative affect and good criterion validity with positive affect. Finally, mediation analysis showed that Negative Expectation had a significant indirect mediating effect between trait-anxiety and negative affect. Reflectivity had a significant indirect mediating effect between trait-anxiety and negative and positive affect. Analysis of the psychometric properties of the DPQ-SV subscale scores showed that it is a two factor adequate measurement tool for its use in this type of samples.</subfield>
   </datafield>
   <datafield ind1="8" ind2=" " tag="024">
      <subfield code="a">http://hdl.handle.net/10668/15385</subfield>
   </datafield>
   <datafield ind1="8" ind2=" " tag="024">
      <subfield code="a">http://hdl.handle.net/20.500.12105/18030</subfield>
   </datafield>
   <datafield ind1="8" ind2=" " tag="024">
      <subfield code="a">32302314</subfield>
   </datafield>
   <datafield ind1="8" ind2=" " tag="024">
      <subfield code="a">10.1371/journal.pone.0229695</subfield>
   </datafield>
   <datafield ind1="8" ind2=" " tag="024">
      <subfield code="a">1932-6203</subfield>
   </datafield>
   <datafield ind1="8" ind2=" " tag="024">
      <subfield code="a">PloS one</subfield>
   </datafield>
   <datafield ind2="0" ind1="0" tag="245">
      <subfield code="a">Psychometric characteristics and factorial structures of the Defensive Pessimism Questionnaire-Spanish Version (DPQ-SV).</subfield>
   </datafield>
</record></metadata></record></GetRecord></OAI-PMH>